| 000 | 00474nam a22001697a 4500 | ||
|---|---|---|---|
| 003 | CEME | ||
| 005 | 20210628204047.0 | ||
| 008 | 210106b xxu||||| |||| 00| 0 eng d | ||
| 020 | _a9783642194573 | ||
| 040 | _cceme | ||
| 082 | _a629.892 ROB | ||
| 100 |
_aPradalier, Cedric, Siegwart, Roland, Hirzinger, Gerhard _968518 |
||
| 245 | _aRobotics research, the 14th international sympsium isrr | ||
| 260 |
_aINDIA _bSPRINGER _c2011 |
||
| 300 | _aXIX, 751P | ||
| 942 |
_cBK _2ddc |
||
| 999 |
_c576077 _d576077 |
||